000 00343 a2200145 4500
001 166548
020 _a
040 _cMagnum
100 _aKleiman, Angela
240 1 0 _aTexto e leitor: aspectos cognitivos da leitura
_lpor
245 1 0 _aTexto e leitor: aspectos cognitivos da leitura
362 0 _a1899
697 _aENSINO
942 _cBK
999 _c166548
_d166548